| 000 | 00648nam a22002177a 4500 | ||
|---|---|---|---|
| 005 | 20170124110122.0 | ||
| 010 | _a540486 | ||
| 020 | _c00.00 | ||
| 035 | _a540486 | ||
| 037 | _bCen Lib/Ret | ||
| 040 |
_aDPL _bEN |
||
| 082 |
_a921 _bBAK |
||
| 100 |
_aBaker, Carlos _931155 |
||
| 245 |
_aErnest Hemingway : _cby Carlos Baker _ba life story / |
||
| 260 |
_aNew York _bCharles Scribner's and Sons _c1969 |
||
| 300 |
_axvi,697p. : _c23cm(Hb) _bill. |
||
| 500 | _aIncludes index | ||
| 650 |
_aHemingway, Ernest, -- 1899-1961 _9112962 |
||
| 650 |
_aJournalists -- United States -- Biography _930740 |
||
| 942 |
_2ddc _cEN _h921 _mBAK |
||
| 999 |
_c131071 _d131071 |
||